000 00585nam a22001817a 4500
999 _c187217
_d187217
005 20220406132354.0
010 _aENG-132238
020 _a9789383723546
_c795.00
035 _aEN-115770
037 _bDBAD/PUB
082 _a954.035
100 _aPANIKKAR, K.M
245 _aThe Foundations of New India ;
_cK.M. PANIKKAR
260 _a Delhi
_bLG PUBLISHERS DISTRIBUTORS
_c2019
270 _a49, street no.14, pratap nagar mayur vihar phase I, Delhi
_bDelhi
_e110091
_mlgpdist@gmail.com
300 _a259p.
_bIndex
_c23cm(hbk)
942 _2ddc
_cEN
_mPAN
_h954.035